000 00537nam a2200169 a 4500
001 ASIN0861863003
005 20140609044133.0
008 140609s1975 xxu eng d
020 _a0861863003 (hardcover)
020 _a9780861863006 (hardcover)
100 1 _aKhan, Saadullah.
245 1 0 _aEast pakistan to bangladesh /
_cSaadullah Khan.
260 _a[S.l.] :
_bLahore Law Times Pubns,
_c1975.
300 _a204 p.
500 _aImport.
856 4 0 _3Amazon.com
_uhttp://www.amazon.com/exec/obidos/ASIN/0861863003/chopaconline-20
999 _c5788
_d5788